000 00470nam a2200181Ia 4500
008 230711s9999||||xx |||||||||||||| ||und||
020 _a978-81-265-5672-4
041 _aENG
082 _a621.4021
_bMO-P
100 _aMoran,Michael J
245 0 _aPrinciples of Engineering Thermodynamics
250 _a8th Ed.
260 _c2017
_aNew Delhi
_bWiley India Pvt.Ltd
300 _a867p.
650 _aMechanical Engineering
700 _aShapiro,Howard N
942 _cBK
999 _c6710
_d6710